[Event "Kragero Resort A 2020"]
[Site "Kragero"]
[Date "2020.02.19"]
[Round "2.19"]
[White "Tryggestad, Andreas Garberg"]
[Black "Fossan, Aleksander"]
[Result "1/2-1/2"]
[WhiteElo "2380"]
[BlackElo "2193"]
[Annotator "TA"]
[PlyCount "44"]
[EventDate "2020.02.19"]
[EventType "swiss"]
[EventCountry "NOR"]
[SourceTitle "playchess.com"]
[Source "ChessBase"]
[SourceQuality "1"]

{[%evp 17,44,13,13,21,15,15,17,17,12,12,15,-61,-65,-75,0,20,0,-162,-154,-226,-224,-237,-170,-185,-189,-185,-179,-186,-190]} 1. d4 Nf6 2. c4 g6 3. Nc3 d5 4. cxd5 Nxd5 5. e4 Nxc3 6. bxc3 Bg7 7. Qa4+ Nd7 8. Nf3 O-O 9. Be2 c5 10. O-O {D85: Exchange Grünfeld: Unusual White 7th moves and lines with 7 Nf3.} cxd4 11. cxd4 Nc5 12. dxc5 {[#] Black must now prevent Rb1.The position is equal.} Bxa1 13. e5 $1 Qc7 14. Bf4 (14. Qf4 $1 $11) 14... Bc3 $15 15. Rc1 {[#]} Qxc5 $146 (15... Qa5 $17 16. Qb3 Bb4) ({Predecessor:} 15... Qa5 16. Qc4 Bb2 17. Bd2 Qc7 18. Re1 Be6 19. Qh4 f6 20. Bc4 Bxc4 21. Qxc4+ e6 22. exf6 Bxf6 {½-½ (33) Beliavsky,A (2618)-Mchedlishvili,M (2618) Tromsoe 2014}) 16. Bd2 $11 b5 17. Bxb5 $2 {[#]} ({But not} 17. Rxc3 $2 Qxc3 18. Qxb5 Qa1+ 19. Bf1 Bg4 $19) (17. Qh4 $11 b4 18. Ng5) 17... Rb8 $19 {Black is clearly better.} 18. Bxc3 (18. Bd3 $17 Qb4 19. Qd1 Bxd2 20. Rb1) 18... Rxb5 19. h4 Bf5 20. Qf4 Rb1 21. Rxb1 Bxb1 22. Bb4 Qc7 {Accuracy: White = 66%, Black = 77%.} 1/2-1/2

[Event "Kragero Resort A 2020"]
[Site "Kragero"]
[Date "2020.02.19"]
[Round "2.20"]
[White "Schouten, Mathias Lind"]
[Black "Salimova, Nurgyul"]
[Result "0-1"]
[WhiteElo "1844"]
[BlackElo "2372"]
[Annotator "TA"]
[PlyCount "50"]
[EventDate "2020.02.19"]
[EventType "swiss"]
[EventCountry "NOR"]
[SourceTitle "playchess.com"]
[Source "ChessBase"]
[SourceQuality "1"]

{[%evp 11,84,50,60,53,71,67,100,96,114,90,92,85,87,97,88,90,93,73,78,88,65,30,28,-51,-46,-43,-18,-29,-17,-30,0,0,0,0,46,-102,-71,-117,-131,-197,-157,-217,-210,-227,-183,-182,-185,-207,-208,-191,-195,-323,-332,-321,-263,-272,-262,-262,-239,-304,-285,-397,-281,-542,-535,-707,-701,-2068,-1923,-6237,-5306,-29979,-29980,-29990,-5791]} 1. e4 g6 2. d4 Bg7 3. Nc3 d6 4. f4 a6 5. Nf3 b5 6. Bd3 Bb7 7. O-O {B06: Modern Defence.} c5 8. dxc5 dxc5 9. e5 {White is better.} Nh6 10. Qe2 (10. Be4 {with more complications.} Qc8 11. a4 b4 12. Nd5 Nd7 13. Ng5) 10... O-O {[#]} 11. Be4 $146 ({Predecessor:} 11. Be3 c4 12. Be4 Bxe4 13. Nxe4 Nc6 14. Rad1 Qc8 15. h3 f5 16. Nc5 Rd8 17. Ng5 {1-0 (24) Kostolansky,S (2270)-Halak,M (2212) Banska Stiavnica 2017}) 11... Bxe4 12. Qxe4 Nd7 13. Rd1 {aiming for Qb7.} Qc8 14. Be3 Nf5 15. Bf2 e6 16. g4 Nh6 17. Rd6 (17. g5 $11 Nf5 18. Nh4) 17... Nxg4 $15 18. Rad1 Nxf2 19. Kxf2 Ra7 20. h4 Re8 21. h5 Bf8 22. hxg6 fxg6 23. R6d2 (23. Rc6 $14 {is the one way to stay ahead.} Rc7 24. Rxc7 Qxc7 25. a4) 23... c4 24. Rh1 Nc5 $36 {[%cal Bd7c5,Bc5e4,Be4g5,Bg5f3][%mdl 2080] Black is in control.} 25. Qe2 (25. Qe3 $17) 25... Rf7 {Played: Qc8-c6} 0-1

[Event "Kragero Resort A 2020"]
[Site "Kragero"]
[Date "2020.02.19"]
[Round "2.21"]
[White "Miedema, David"]
[Black "Stanford, Sheila Barth"]
[Result "1-0"]
[WhiteElo "2368"]
[BlackElo "2145"]
[Annotator "TA"]
[PlyCount "129"]
[EventDate "2020.02.19"]
[EventType "swiss"]
[EventCountry "NOR"]
[SourceTitle "playchess.com"]
[Source "ChessBase"]
[SourceQuality "1"]

{[%evp 12,129,43,43,64,61,63,0,15,14,14,-16,0,0,0,-8,0,0,0,-44,-15,-34,-27,-25,-29,-31,-21,-60,-60,-84,-25,-36,0,0,0,0,0,0,4,0,0,0,0,0,0,-23,2,0,0,0,0,0,0,0,0,0,0,0,75,75,75,75,88,38,58,51,145,137,150,131,156,150,162,162,175,89,89,89,89,87,1408,1402,1120,1159,4998,2812,29966,29967,29967,29968,29969,29969,29970,29971,29971,29972,29972,29973,29973,29974,29974,29975,29975,29975,29976,29977,29977,29976,29979,29980,29980,29981,29981,29982,29982,29983,29983,29984,29981,29982]} 1. e4 c5 2. Nf3 Nc6 3. d4 cxd4 4. Nxd4 g6 5. c4 Bg7 6. Be3 Nf6 7. Nc3 Nxd4 {B38: Sicilian: Maroczy Bind with 5...Bg7 and 7...0-0.} 8. Bxd4 O-O 9. e5 {[#]} ({Better is} 9. Qd2 $14) 9... Ne8 $146 {The position is equal.} ({Predecessor:} 9... Nh5 10. c5 Nf4 11. Rb1 Qc7 12. g3 Ne6 13. Nd5 Qd8 14. Bc4 d6 15. cxd6 exd6 {½-½ (55) Vecek,M (2198)-Kirwald,F (2281) ICCF email 1999}) 10. Qe2 d6 11. Rd1 Qa5 {[%cal Rd6e5]} 12. exd6 Nxd6 {With the idea ...Be6.} 13. Bxg7 Kxg7 14. Rd5 Qc7 15. c5 Ne8 16. Qe5+ Qxe5+ 17. Rxe5 Be6 18. Bb5 Nc7 19. b3 Rad8 20. Ke2 Kf6 (20... Nxb5 $17 21. Nxb5 Rd5 22. Rxd5 Bxd5) 21. Re3 $11 Nxb5 22. Nxb5 Bd5 23. f3 Bc6 24. Nc3 Rd4 25. Rd3 Rxd3 26. Kxd3 {[%mdl 4096] Endgame KRB-KRN} Rd8+ 27. Ke3 e5 28. b4 a6 29. a4 Ke6 30. b5 axb5 31. axb5 Be8 32. Rb1 f5 33. Na4 {Threatening c6!} Ra8 34. c6 Kd6 ({Avoid the trap} 34... Rxa4 $2 35. cxb7 f4+ 36. Kf2 $18) (34... bxc6 $11 35. b6 Rb8) 35. cxb7 $16 Rb8 36. Rd1+ Kc7 37. Rd5 Rxb7 38. Nc3 e4 (38... Bf7 $14 39. Rxe5 Kd6) 39. fxe4 fxe4 40. Kxe4 Bf7 41. Rc5+ Kb6 42. Rc6+ Ka5 43. b6 ({White should try} 43. Ke5 $18) 43... Rxb6 44. Rxb6 Kxb6 {KB-KN} 45. Ke5 Kc5 $2 {[%mdl 8192]} (45... Kc7 $16) 46. Ne4+ $18 Kc6 47. Nf6 h5 48. h4 Kc7 {[#]} 49. Nh7 $1 {White mates.} Bc4 50. g3 Kd7 51. Kf6 Be2 52. Nf8+ Kd6 53. Nxg6 Bf3 54. Nf4 Bd1 55. Kg5 Ke7 56. Nxh5 Kf7 57. g4 Bf3 58. Ng3 Kg7 59. Nf5+ Kh7 60. Nd4 Bd1 61. Kf5 Ba4 62. Kf6 Be8 63. g5 Bh5 64. Ne6 Be8 {[#]} 65. g6+ $1 {Accuracy: White = 84%, Black = 74%.} 1-0

[Event "Kragero Resort A 2020"]
[Site "Kragero"]
[Date "2020.02.19"]
[Round "2.22"]
[White "Haug, Johannes"]
[Black "Kizatbay, Abyl"]
[Result "1-0"]
[WhiteElo "2426"]
[BlackElo "2142"]
[Annotator "TA"]
[PlyCount "45"]
[EventDate "2020.02.19"]
[EventType "swiss"]
[EventCountry "NOR"]
[SourceTitle "playchess.com"]
[Source "ChessBase"]
[SourceQuality "1"]

{[%evp 9,45,-5,20,24,24,14,14,16,58,52,108,117,112,112,91,101,251,254,250,238,219,220,221,214,331,328,337,325,500,529,471,528,528,520,514,516,559,551]} 1. d4 Nf6 2. c4 g6 3. Nc3 d5 4. Nf3 Bg7 5. h4 c6 6. cxd5 {D90: Grünfeld: 4 Nf3 Bg7 sidelines.} cxd5 7. Bf4 Nc6 8. e3 {The position is equal.} Bg4 9. Qb3 {[#]} O-O $146 (9... Na5 $14 10. Bb5+ Kf8) ({Predecessor:} 9... Na5 10. Qa4+ Bd7 11. Bb5 O-O 12. Bxd7 Nxd7 13. Nxd5 e5 14. dxe5 Nc5 15. Qd1 Nc4 {1-0 (36) Relange,E (2466)-Le Roux,J (2546) Saint-Quentin 2014}) 10. Qxb7 $16 Rc8 11. Ba6 Nh5 12. Bh2 {And now Qb5 would win.} Bxf3 (12... e5 $16) 13. Qxc8 $18 ({Don't do} 13. gxf3 Qa5 $18) 13... Qxc8 14. Bxc8 {Threatens to win with Bh3.} Bxg2 15. Rg1 {Hoping for Bg4.} Rxc8 16. Rxg2 e5 (16... e6 $142 17. Rc1 Ne7) 17. Nxd5 exd4 18. Rc1 {[#] Strongly threatening Rxc6!} Rd8 (18... Kf8 $142 19. e4 Nf6) 19. Rxc6 {White is clearly winning.} Rxd5 20. Rc8+ Bf8 21. Rg5 Rd7 22. Rb5 Kg7 23. Be5+ {[%mdl 64] Double Attack. Accuracy: White = 100%, Black = 41%.} 1-0

[Event "Kragero Resort A 2020"]
[Site "Kragero"]
[Date "2020.02.19"]
[Round "2.23"]
[White "Radeva, Viktoria"]
[Black "Tumanyan, Simon H."]
[Result "1-0"]
[WhiteElo "2320"]
[BlackElo "1881"]
[Annotator "TA"]
[PlyCount "87"]
[EventDate "2020.02.19"]
[EventType "swiss"]
[EventCountry "NOR"]
[SourceTitle "playchess.com"]
[Source "ChessBase"]
[SourceQuality "1"]

{[%evp 23,87,11,35,37,32,4,37,0,0,0,0,0,20,16,50,30,48,41,45,40,125,94,144,141,167,163,160,151,210,147,150,152,177,144,218,183,218,215,233,229,258,264,256,268,256,259,363,268,268,266,256,245,373,277,275,307,299,295,399,403,389,383,425,437,411,393]} 1. e4 e6 2. d4 d5 3. Nd2 Nf6 4. e5 Nfd7 5. c3 c5 6. Bd3 Nc6 7. Ne2 cxd4 8. cxd4 f6 9. exf6 Nxf6 10. O-O Bd6 11. Nf3 O-O 12. Bg5 e5 13. dxe5 {C06: French Tarrasch: 3...Nf6 4 e5 Nfd7 5 Bd3 main lines.} Nxe5 14. Ned4 Qb6 {[#]} 15. Rb1 $146 {White is slightly better.} (15. Bxf6 $5 gxf6 16. Nf5 $14 (16. Nxe5 fxe5 17. Qh5 Rf7 $16)) ({Predecessor:} 15. Be2 Ne4 16. Be3 Qxb2 17. Rb1 Qxa2 {0-1 (17) Torija Carretero,V-Casares Ripol,F Spain 1995}) 15... Bg4 16. Be2 Rae8 17. Be3 {[#] Black must now prevent Nxe5.} Qa5 18. h3 $36 {[%mdl 2048] Black is under pressure.} Bh5 19. Qb3 Nxf3+ 20. Bxf3 Bxf3 21. Nxf3 Qc7 ({Black should play} 21... b6 $14) 22. Bxa7 Qf7 23. Be3 Ne4 24. Rbd1 Rd8 25. Rd3 Kh8 (25... Bf4 $16 {was necessary.} 26. Bb6 (26. Bxf4 Nc5 $16 {[%mdl 64] Double Attack}) 26... Rd7) 26. Bb6 Rd7 27. Rfd1 Nf6 28. Be3 Qg6 (28... h6 $16 29. Bb6 Re8) 29. Qb5 Rc7 30. Bd4 Nh5 31. Be5 ({Weaker is} 31. Qxd5 Nf4 $17) 31... Bxe5 32. Nxe5 Qe4 {Black wants to play ...Nf4.} 33. Qxd5 Qxd5 34. Rxd5 Rc2 (34... Nf6 $142 35. Rb5 g6) 35. R5d2 Rxd2 36. Rxd2 $18 {[%mdl 4096] Endgame KRN-KRN} Nf6 37. f3 g6 (37... Kg8 $142 38. Rd6 Rc8) 38. Rc2 Re8 39. Nf7+ Kg8 40. Nd6 Re7 41. Rc8+ Kg7 42. Rb8 Re1+ 43. Kf2 Rd1 44. Rxb7+ {Accuracy: White = 72%, Black = 40%.} 1-0

[Event "Kragero Resort A 2020"]
[Site "Kragero"]
[Date "2020.02.19"]
[Round "2.24"]
[White "Dael, Siem Van"]
[Black "Krivenko, Dion"]
[Result "0-1"]
[WhiteElo "2257"]
[BlackElo "1935"]
[Annotator "TA"]
[PlyCount "64"]
[EventDate "2020.02.19"]
[EventType "swiss"]
[EventCountry "NOR"]
[SourceTitle "playchess.com"]
[Source "ChessBase"]
[SourceQuality "1"]

{[%evp 14,72,56,49,55,12,18,-4,8,0,26,0,-2,-66,-15,-83,-85,-81,0,-119,-72,-101,-115,-219,-224,-216,-227,-221,-223,-256,-246,-263,-262,-293,-250,-275,-270,-312,-320,-353,-357,-357,-345,-352,-331,-370,-358,-391,-356,-364,-362,-522,-521,-520,-503,-446,-431,-541,-485,-29988,-29989]} 1. e4 c5 2. Nf3 d6 3. d4 cxd4 4. Nxd4 Nf6 5. Nc3 g6 6. Be3 Bg7 7. f3 a6 8. Qd2 h5 {B75: Sicilian Dragon: Yugoslav Attack, Miscellaneous.} 9. h4 Nbd7 10. O-O-O b5 {The position is equal.} 11. Kb1 Bb7 12. Bd3 Rc8 {[#]} 13. Qf2 $146 (13. a3 $11) ({Predecessor:} 13. Rhe1 Ne5 14. Bf1 O-O 15. Bh6 Bxh6 16. Qxh6 Rxc3 17. bxc3 Qc7 18. Re3 Rc8 19. Qg5 {0-1 (65) Braun,C (2612)-Tiemann,C (2611) playchess.com INT 2011}) 13... Ne5 ({Better is} 13... Rxc3 $15 14. bxc3 d5) 14. Nce2 (14. Nb3 $11) 14... Qc7 $17 15. Nf4 Bh6 (15... O-O $17) 16. Qg3 (16. Rhe1 $11 {remains equal.}) 16... Nxd3 17. cxd3 e5 $1 {[%csl LRd4,LRf4]} 18. Nxg6 (18. Rc1 $17 {keeps fighting.} Qd7 19. Rhe1) 18... Bxe3 $19 19. Nf5 Rg8 {[%mdl 64] [#] Pin} 20. Nxe3 fxg6 21. d4 Kf7 22. Qg5 Qe7 23. d5 Nd7 24. Qg3 Rcf8 25. Qh3 Bc8 26. Rc1 {intending Rc7.} Nc5 27. Qg3 Bd7 28. b4 Na4 29. Qf2 Rc8 30. g4 Rxc1+ 31. Rxc1 Rc8 32. Rg1 (32. g5 {was called for.}) 32... hxg4 {Played: Qe7-f6} 0-1

[Event "Kragero Resort A 2020"]
[Site "Kragero"]
[Date "2020.02.19"]
[Round "2.25"]
[White "Sidali, Elias Hulleberg"]
[Black "Holleland, Sigve"]
[Result "0-1"]
[WhiteElo "1966"]
[BlackElo "2076"]
[Annotator "TA"]
[PlyCount "82"]
[EventDate "2020.02.19"]
[EventType "swiss"]
[EventCountry "NOR"]
[SourceTitle "playchess.com"]
[Source "ChessBase"]
[SourceQuality "1"]

{[%evp 13,82,16,18,21,32,37,35,19,57,21,71,0,27,-33,-20,-68,-75,-97,-86,-100,-84,-224,-227,-210,-220,-258,-230,-252,-264,-304,-310,-320,-299,-708,-708,-681,-482,-432,-350,-336,-347,-335,-341,-320,-311,-304,-304,-301,-301,-268,-278,-321,-315,-552,-539,-450,-410,-463,-334,-409,-310,-372,-312,-603,-598,-519,-494,-12833,-12834,-1747,-1091]} 1. e4 c5 2. Nf3 Nc6 3. Bb5 g6 4. Bxc6 dxc6 5. d3 Bg7 6. h3 Nf6 7. Nc3 Qc7 {7...Nd7 is becoming the main line.} 8. Be3 {B31: Sicilian: 2...Nc6 3 Bb5 g6.} Nd7 9. Qd2 h6 10. a4 {White is slightly better.} b6 11. O-O e5 {[#]} 12. Rab1 $146 (12. a5 $5) ({Predecessor:} 12. Nh2 g5 13. Ne2 Nf8 14. a5 Rb8 15. Ng3 Ng6 16. Nh5 f6 17. b4 cxb4 18. Qxb4 {1-0 (45) Mesa Baez,S (1613)-Valera Padilla,F (1630) Cartagena 2018}) 12... a5 13. Kh2 (13. Nh2 $11) 13... Nf8 14. g3 g5 15. Ng1 Ng6 16. Nce2 Be6 17. f4 (17. Qe1 $17) 17... exf4 $19 18. gxf4 {[#]} O-O-O $1 19. Qe1 Rhg8 20. Qg3 gxf4 21. Nxf4 Be5 {Threatens to win with ...Nxf4.} 22. Qf2 f5 {Hoping for ...fxe4.} 23. exf5 $2 (23. Kh1 Nxf4 24. Bxf4) 23... Nxf4 24. Bxf4 Bd5 25. Ne2 Rg2+ 26. Qxg2 Bxg2 27. Kxg2 Rg8+ 28. Kh1 Qd6 {( -> ...Qd5+)} 29. Rf3 {[#]} Qd5 $1 {[%mdl 512]} 30. Rbf1 Bxf4 ({Not} 30... Bxb2 31. Ng3 $17) 31. Nxf4 Qxf5 32. Ng2 Qg5 {[%csl Gg8][%cal Rg5g2]} 33. Rf8+ $2 (33. R3f2 {might work better.}) 33... Rxf8 34. Rxf8+ {[%mdl 4096] Endgame KQ-KRN} Kd7 35. Rf4 b5 36. b3 Qg3 37. h4 Kc7 38. Re4 $2 (38. Kg1) 38... Qf2 {Black is clearly winning.} 39. Ne3 {[#]} c4 $1 {[%mdl 512]} 40. Nxc4 (40. axb5 $142 cxb3 41. b6+ Kxb6 42. cxb3) (40. bxc4 bxa4) 40... bxc4 41. Rxc4 Kd6 {Accuracy: White = 36%, Black = 78%.} 0-1

[Event "Kragero Resort A 2020"]
[Site "Kragero"]
[Date "2020.02.19"]
[Round "2.26"]
[White "Lie, Espen"]
[Black "Petursson, Gudni"]
[Result "1-0"]
[WhiteElo "2490"]
[BlackElo "2026"]
[Annotator "TA"]
[PlyCount "35"]
[EventDate "2020.02.19"]
[EventType "swiss"]
[EventCountry "NOR"]
[SourceTitle "playchess.com"]
[Source "ChessBase"]
[SourceQuality "1"]

{[%evp 17,35,21,51,2,15,0,38,35,51,10,24,25,36,39,219,217,202,144,343,324]} 1. Nf3 Nf6 2. g3 g6 3. b3 Bg7 4. Bb2 O-O 5. Bg2 d5 6. c4 c5 7. cxd5 Nxd5 8. Bxg7 Kxg7 9. O-O Nc6 10. Qc2 {A05: Réti Opening: 1 Nf3 Nf6.} Qd6 11. Nc3 Ndb4 12. Qb2 {[#] aiming for Ne4+.White is slightly better.} Qf6 $146 ({Predecessor:} 12... e5 13. a3 Na6 14. Nb5 Qe7 15. d3 f6 16. e3 Rd8 17. Rad1 Bg4 18. h3 Be6 {1-0 (30) Daum,D-Hein,D Bensheim 2001}) 13. Rac1 Bg4 14. Qb1 Bxf3 15. Bxf3 b6 $2 {[#]} (15... Na6 $14) 16. a3 $18 Na6 17. Qd3 Nc7 $2 (17... Nab8 $16) 18. Qd7 $1 {[%csl LRc6,LRc7][%mdl 64] Double Attack. Accuracy: White = 57%, Black = 44%.} 1-0

[Event "Kragero Resort A 2020"]
[Site "Kragero"]
[Date "2020.02.19"]
[Round "2.27"]
[White "Olsen, Robin"]
[Black "Rodriguez, Renier Castellanos"]
[Result "0-1"]
[WhiteElo "2025"]
[BlackElo "2481"]
[Annotator "TA"]
[PlyCount "60"]
[EventDate "2020.02.19"]
[EventType "swiss"]
[EventCountry "NOR"]
[SourceTitle "playchess.com"]
[Source "ChessBase"]
[SourceQuality "1"]

{[%evp 10,60,33,15,41,8,7,-4,45,-11,33,41,63,65,56,49,64,46,65,23,41,22,22,-38,35,-15,0,0,0,-47,-31,-140,-140,-164,-158,-195,-185,-352,-341,-311,-335,-347,-319,-337,-280,-683,-679,-661,-648,-987,-955,-955,-912]} 1. d4 Nf6 2. c4 e6 3. Nf3 Bb4+ 4. Nbd2 O-O 5. a3 Be7 6. e4 d6 {E11: Bogo-Indian.} 7. b4 e5 8. d5 {[#]} g6 $146 {The position is equal.} ({Predecessor:} 8... a5 9. Bb2 c6 10. h3 axb4 11. axb4 Rxa1 12. Qxa1 b5 13. Qa7 Bd7 14. Bd3 Nh5 {0-1 (40) Potpara,N (2371)-Draskovic,L (2439) Pljevlja 2015}) 9. g3 (9. Bd3 $14) 9... Nh5 10. Bg2 f5 11. exf5 gxf5 12. O-O Ng7 13. Nb3 Nd7 14. Ne1 f4 15. Nd3 {[%cal Rg3f4]} fxg3 16. hxg3 (16. fxg3 $11 Rxf1+ 17. Qxf1) 16... Nf5 ({Better is} 16... Qe8 $15) 17. Nd2 Nf6 18. Ne4 Qe8 19. Ng5 Nd4 20. c5 (20. Re1 $15) 20... Bg4 $17 21. f3 Bf5 {Strongly threatening ...Qg6.} 22. cxd6 cxd6 23. Ne6 $2 {[#]} (23. g4 {was the only chance.} Bd7 24. Ne6 Bxe6 25. dxe6) 23... Nxe6 $19 ({Weaker is} 23... Nxd5 24. Nxd4 exd4 25. Nf4 $15) 24. dxe6 Qg6 ({Not} 24... Bxe6 25. f4 $17) 25. Nf2 Qxg3 26. Bh6 Rfc8 27. Ne4 $2 (27. Qd2 Kh8 28. Qg5) 27... Bxe4 {[%mdl 64] [#] Overworked Piece. Black is clearly winning.} 28. fxe4 Ng4 {[%csl Gg4][%cal Rg3h2]} 29. Rf3 Qh2+ {[%mdl 64] Double Attack} 30. Kf1 Qxh6 {Accuracy: White = 33%, Black = 80%.} 0-1

[Event "Kragero Resort A 2020"]
[Site "Kragero"]
[Date "2020.02.19"]
[Round "2.28"]
[White "Hauge, Lars Oskar"]
[Black "Nilsen, Tobias Lang"]
[Result "1-0"]
[WhiteElo "2472"]
[BlackElo "2019"]
[Annotator "TA"]
[PlyCount "65"]
[EventDate "2020.02.19"]
[EventType "swiss"]
[EventCountry "NOR"]
[SourceTitle "playchess.com"]
[Source "ChessBase"]
[SourceQuality "1"]

{[%evp 17,65,24,32,37,58,27,23,18,10,14,0,-12,-8,-2,0,-6,0,0,0,0,0,18,127,140,183,187,173,180,168,163,295,149,150,152,160,147,129,158,174,174,170,166,29973,29970,29974,29974,29997,29998,29998,29999]} 1. e4 c5 2. Nc3 e6 3. Nf3 Nc6 4. Bb5 Nge7 5. O-O a6 6. Bxc6 Nxc6 7. d4 cxd4 8. Nxd4 Be7 9. Nxc6 dxc6 10. Qh5 {B30: Sicilian: 2...Nc6 3 Bb5, lines without ...g6.} g6 {[#]} 11. Qf3 $146 ({Predecessor:} 11. Qh6 Bf6 12. Rd1 Qe7 13. Be3 b5 14. e5 Bxe5 15. Ne4 f6 16. Bc5 Qf7 17. Rd3 Bd7 18. Rad1 O-O-O 19. Bb6 Qe7 20. Bxd8 Rxd8 21. Qe3 {1-0 (21) Chen,F (2367)-Wu,X (2221) Jiangmen 2018}) 11... e5 12. Bh6 {White has an edge.} f6 13. Rfd1 Qc7 14. Be3 b5 {[%cal Bb7b5,Bb5b4][%mdl 32]} 15. a4 $36 {[%mdl 2048] [#] Strongly threatening axb5. White is pushing.} b4 16. Nb1 a5 17. Nd2 O-O 18. h4 f5 19. exf5 Bxh4 (19... gxf5 $11 {keeps the balance.} 20. Nc4 (20. Qg3+ Kh8 $15) 20... e4) 20. Qe4 $16 Be7 21. fxg6 Bf5 22. Qc4+ Kh8 23. Nf3 {And now Nxe5! would win.} hxg6 (23... Bf6 $142) 24. Nxe5 (24. g4 $18 e4 25. gxf5 exf3 26. fxg6) 24... Bf6 ({Avoid the trap} 24... Qxe5 $2 25. Bd4 $18) 25. Nf3 (25. Nxc6 Rfc8 $11) 25... Bxb2 26. Bd4+ Bxd4 27. Rxd4 {Hoping for Rh4+.} ({But not} 27. Nxd4 $6 Qf4 $11) ({Of course not} 27. Qxd4+ $6 Kg8 $11) 27... Rad8 28. Rh4+ Kg7 {[#]} 29. Re1 $1 Rfe8 $2 (29... c5 $18 30. Qa2 c4) 30. Rxe8 {[%mdl 64] Overworked Piece. White mates.} Rxe8 31. Qd4+ Kg8 32. Rh8+ Kf7 33. Rh7+ {[%mdl 64] Skewer. Accuracy: White = 82%, Black = 65%.} 1-0

[Event "Kragero Resort A 2020"]
[Site "Kragero"]
[Date "2020.02.20"]
[Round "3.1"]
[White "Osmak, Iulija"]
[Black "Moiseenko, Vadim"]
[Result "1-0"]
[WhiteElo "2394"]
[BlackElo "2550"]
[Annotator "TA"]
[PlyCount "99"]
[EventDate "2020.02.19"]
[EventType "swiss"]
[EventCountry "NOR"]
[SourceTitle "playchess.com"]
[Source "ChessBase"]
[SourceQuality "1"]

{[%evp 15,99,17,17,19,17,19,22,28,23,22,27,14,17,13,14,13,12,12,12,14,19,10,26,21,32,30,31,22,30,24,16,22,33,0,0,0,0,0,0,-18,-14,-65,-22,-19,43,-122,-136,-506,-291,-255,-121,-502,-499,-705,-705,-648,-239,-475,0,0,0,0,0,0,0,0,0,0,701,689,681,693,671,589,756,558,689,686,647,631,1001,972,1055,984,29988,606]} 1. d4 d5 2. c4 e6 3. Nc3 Nf6 4. cxd5 exd5 5. Bg5 c6 6. e3 Be7 7. Bd3 Nbd7 8. Nge2 h6 9. Bh4 {D35: Queen's Gambit Declined: Exchange Variation.} Nh5 10. Bxe7 Qxe7 11. O-O {The position is equal. 11.Qd2 might become the main line.} O-O 12. Rb1 a5 {[#]} 13. Nc1 $146 ({Predecessor:} 13. Qc2 Nb6 14. a3 Bg4 15. Rbe1 Bxe2 16. Qxe2 g6 17. f3 Rae8 18. Qd2 Qd8 19. Qf2 {1-0 (45) Martinovici,I (2367)-Kovalenko,I (2663) Sochi 2019}) 13... Nhf6 14. Qc2 Re8 15. Nb3 b6 16. Rfe1 Bb7 17. Nd2 Nf8 18. Nf3 Ne6 19. Rbc1 Nd7 20. h3 Qd6 21. Rcd1 Rac8 22. e4 dxe4 23. Nxe4 Qf4 24. Qa4 Rcd8 25. Bb1 Ndf8 26. Qb3 Qc7 27. Qc3 Nf4 28. Qc2 (28. Nh4 $11) 28... N8g6 (28... c5 $5 29. Qb3 c4 $17) 29. a3 Kh8 (29... Kf8 $11) 30. Ba2 $2 {[#]} (30. g3 $14 {stays ahead.} Nxh3+ 31. Kh2) 30... c5 $1 $17 {[%mdl 512]} 31. Ned2 $2 {[%mdl 8192]} (31. d5 $17) (31. dxc5 Rxd1) 31... Rxe1+ 32. Rxe1 {[#]} Qd7 (32... Nxg2 $1 $19 {[%mdl 512]} 33. Kxg2 Nh4+ 34. Kf1 Bxf3 35. Nxf3 Nxf3) 33. Ne4 $2 {[%mdl 8192]} (33. d5 $17 {is a better chance.}) 33... cxd4 $19 34. Qd2 (34. Qb3 $142 Bd5 35. Qxb6 Bxa2 36. b3) 34... d3 35. Re3 Rc8 $2 (35... f5 36. Nc3 Nxg2 $1 {[%mdl 576] Decoy} 37. Kxg2 Nh4+ {[%mdl 64] Double Attack} 38. Kf1 Bxf3 39. Rxf3 Nxf3) 36. Nc3 $2 (36. Bb3 {was necessary.}) 36... Nxh3+ $2 (36... Qf5 $19 37. Ne1 Bxg2 $1 {[%mdl 512]} 38. Bxf7 Nh4) 37. gxh3 $11 Qxh3 {( -> ...Nf4)} 38. Bd5 Qg4+ ({Don't go for} 38... Nf4 $2 39. Ne5 $18) 39. Kf1 Qh3+ 40. Kg1 Qg4+ ({But not} 40... Nf4 $2 41. Ne5 $18) 41. Kf1 Nf4 $2 {[%mdl 8192]} (41... Rxc3 $11 42. Bxb7 Qh3+ 43. Kg1 Qg4+ 44. Kf1 Qh3+ 45. Kg1 Qg4+ 46. Kf1) 42. Ne5 $18 {[%mdl 64] Double Attack} Qh5 43. Bxb7 Rd8 44. Qd1 Qf5 45. Qg4 Qf6 46. Qf3 d2 47. Nd1 Qf5 48. Ba6 Rd4 49. Bd3 {White wants to mate with Qa8+.} Qf6 50. Re4 {Quite a comeback for White. Accuracy: White = 61%, Black = 60%.} (50. Nxf7+ $142 Kg8 51. Qa8+ Rd8 52. Nxd8 Qf8 53. Qc6 Nxd3 {[#]} 54. Re8 $1 {[%mdl 512]} Nf4 55. Ne6 $1 {[%mdl 576] Pin}) 1-0